00581 2200217 4500001002100000005001700021008004100038035002500079040001200104082001100116084002000127090002000147100001600167245005000183250001100233260003300244300004000277650001700317850001200334990001700346INLIS00000000000789820150709112945.0 ind  a0010-071500000000581 aYOPDYOG a413.21 aPK 413.21 Aya B aPK 413.21 Aya B aAYATROHAEDI aBahasa Sunda di Daerah Cirebon /cAyatrohaedi aCet. 1 aJakartabBalai Pustakac1985 axxviii, 368 hlm. :bilus. ;c23 cm. aBahasa Sunda aYOPDYOG a1106-PK/A.09